| 000 | 00525nam a2200181Ia 4500 | ||
|---|---|---|---|
| 005 | 20250923144237.0 | ||
| 008 | 008 250917s9999 xx 000 0 eng d | ||
| 037 | _aReference | ||
| 040 |
_aDSWL _beng _cDSWL |
||
| 041 |
_aeng _2eng |
||
| 084 |
_aX:97Kp2,N66, N6 _qDSWL |
||
| 245 | 0 | _aNew perspectives being the proceeding 27th session of the all india trade union congress | |
| 260 |
_aBombay _c1966 |
||
| 365 |
_aINR _b5 |
||
| 925 | _g5 | ||
| 942 |
_cREF _hX:97Kp2,N66, N6 |
||
| 999 |
_c1436521 _d1436521 |
||